[Event "IM Marmaris Karia III 2018"]
[Site "Mentese Mugla"]
[Date "2018.10.27"]
[Round "4.4"]
[White "Simantsev, Mikhail"]
[Black "Gasanov, Zaur"]
[Result "1-0"]
[WhiteElo "2424"]
[BlackElo "2195"]
[Annotator "TA"]
[PlyCount "89"]
[EventDate "2018.10.26"]
[EventType "tourn"]
[EventCountry "TUR"]
[SourceTitle "playchess.com"]
[Source "ChessBase"]
[SourceQuality "1"]

{[%evp 11,89,42,29,29,43,44,55,47,73,66,56,52,74,62,80,85,87,72,84,75,106,100,119,120,151,145,157,161,247,157,158,156,157,147,167,140,191,184,267,182,172,127,196,199,191,164,175,170,160,162,176,182,218,218,197,83,241,231,383,377,653,663,645,602,613,617,610,583,543,502,1136,1128,5310,5310,29984,29985,29985,29986,29986,29987]} 1. d4 Nf6 2. c4 g6 3. f3 e5 4. dxe5 Nh5 5. Nh3 Nc6 (5... Bc5 6. Bg5 Be7 7. Qd2 Nc6 8. Nc3 Nxe5 9. Bxe7 Qxe7 10. Nd5 Qd8 11. g4 c6 {1-0 (21) Sjugirov,S (2670)-Chigaev,M (2496) Sochi 2015}) 6. Nc3 {E60: King's Indian: Unusual lines and Fianchetto Variation without Nc3} Nxe5 {LiveBook: 6 Games} 7. Nf2 Bg7 8. e4 {White is slightly better.} d6 9. Be2 $146 ({Predecessor:} 9. g4 Nf6 10. Be2 Nfd7 11. Be3 b6 {1-0 (73) Lobo,R (2285)-Baker,J (2135) San Francisco 1998}) 9... Nf6 10. O-O O-O 11. Be3 Be6 12. b3 {[%cal Bb2b3,Bb3b4][%mdl 32]} Nfd7 13. Rc1 Kh8 14. Qd2 f5 15. Nd5 Nc5 16. exf5 Bxf5 17. b4 Na6 {[#]} 18. f4 $1 {[%cal Rf4e5]} Nd7 19. Bd4 Nf6 (19... Rf7 $142 20. g4 Be6) 20. Bf3 {And now Nxf6 would win.} Nxd5 21. Bxg7+ (21. cxd5 $6 Bxd4 22. Qxd4+ Qf6 $16) 21... Kxg7 22. cxd5 h5 23. Rfe1 Re8 (23... Qf6 $16 24. g3 Rae8) 24. h3 $18 h4 (24... Qh4 {was necessary.} 25. a3 Kg8) 25. Rxe8 Qxe8 26. Be2 {aiming for Bxa6.} Rc8 (26... Qf7 $16 27. Bxa6 bxa6) 27. Ng4 Qf7 28. Bxa6 bxa6 29. Qd4+ Kh7 30. Nh2 ({Not} 30. Qxa7 Bxg4 31. hxg4 Qxf4 $11) 30... Qg7 31. Qf2 ({Much less strong is} 31. Qxa7 $6 c5 $14) 31... Re8 32. Qxh4+ Kg8 33. Nf3 (33. Ng4 $18 {has better winning chances.} Bxg4 34. Qxg4) 33... Re7 $2 (33... Be4 $16 {is a better defense.}) 34. Kh2 Be4 $2 (34... Bc8 35. Re1 Rxe1 36. Qxe1 (36. Nxe1 Bb7 $16) 36... Kf8) 35. Re1 Kf8 $2 {[#]} (35... c6 36. dxc6 Re8) 36. Rxe4 $1 Rxe4 {[%mdl 4096] Endgame KQR-KQN} 37. Ng5 Re2 38. Ne6+ Rxe6 39. dxe6 {[%cal Rh4d8] KQ-KQ} Ke8 40. Qg5 c6 (40... Qh7 $142 41. Qf6 c5 42. bxc5 dxc5) 41. h4 {[%cal Bh3h4,Bh4h5,Bh5h6][%mdl 32]} d5 42. h5 d4 43. Qxg6+ {White mates.} Kf8 44. Qxg7+ Kxg7 {[#]} 45. h6+ $1 {Precision: White = 76%, Black = 32%.} 1-0

[Event "IM Marmaris Karia III 2018"]
[Site "Mentese Mugla"]
[Date "2018.10.27"]
[Round "4.5"]
[White "Bagaturov, Giorgi"]
[Black "Alaz, Ahmet Efekan"]
[Result "1-0"]
[WhiteElo "2417"]
[BlackElo "2121"]
[Annotator "TA"]
[PlyCount "81"]
[EventDate "2018.10.26"]
[EventType "tourn"]
[EventCountry "TUR"]
[SourceTitle "playchess.com"]
[Source "ChessBase"]
[SourceQuality "1"]

{[%evp 9,81,21,44,16,48,44,49,27,60,33,33,0,37,8,24,-7,-8,-30,24,27,17,37,94,104,125,131,105,110,172,127,182,169,189,191,167,172,164,143,167,159,189,189,304,277,302,297,296,303,350,347,449,446,439,415,506,479,468,433,553,524,1042,559,553,559,525,548,729,720,732,697,1133,586,2354,2276]} 1. d4 d5 2. c4 c6 3. Nf3 Nf6 4. Qc2 a6 5. Bf4 Nh5 (5... dxc4 6. Qxc4 b5 7. Qc2 e6 8. Nbd2 Bb7 9. e3 Nbd7 10. Be2 Rc8 11. Rd1 Qa5 12. O-O Nd5 {½-½ (40) Oganian,M (2432)-Antipov,M (2616) Yaroslavl 2018}) 6. Bg5 {D11: Slav Defence: 3 Nf3 sidelines and 3...Nf6 4 e3 Bg4} g6 7. e3 Bg7 8. Bd3 $146 {White is slightly better.} ({Predecessor:} 8. Nc3 O-O 9. Rc1 dxc4 10. Bxc4 Nd7 11. O-O Nhf6 12. Rfd1 Nb6 {1-0 (27) Suran,J (2295)-Hitzgerova,G (2210) Pardubice 1998}) 8... O-O 9. Nbd2 Be6 10. Qb3 b5 11. cxd5 cxd5 12. a4 bxa4 13. Rxa4 Ra7 (13... Nc6 $142) 14. O-O $11 Qd6 15. Bh4 Bd7 ({Black should play} 15... h6 $14) 16. Ra5 $16 e6 17. g4 Nc6 18. Rc5 Nf6 (18... Nf4 $16 {might work better.}) 19. Bg3 $36 {[%mdl 2048] White is really pushing.} Qe7 (19... e5 $16) 20. Rfc1 $18 Nxg4 21. Rxc6 Bxc6 22. Rxc6 Rfa8 23. Qc3 Bf8 24. h3 Nh6 25. e4 Bg7 (25... a5 {keeps fighting.} 26. Bd6 Qe8 27. exd5 exd5) 26. Bd6 Qd8 27. exd5 exd5 28. Nf1 Qd7 29. Kg2 Nf5 30. Bxf5 Qxf5 31. Ne3 Qd7 32. Nxd5 {White is clearly winning.} Re8 33. Qc4 Qf5 34. Be5 Rd7 35. Nf6+ Bxf6 36. Rxf6 Qe4 37. Qc1 Rb7 38. Qh6 Rxe5 39. dxe5 {[#] And now Rd6 would win.} Re7 40. Rf4 Qb7 41. Rh4 {Precision: White = 56%, Black = 27%.} 1-0

[Event "IM Marmaris Karia III 2018"]
[Site "Mentese Mugla"]
[Date "2018.10.28"]
[Round "5.1"]
[White "Eminov, Orkhan"]
[Black "Gevorgyan, Maria"]
[Result "1-0"]
[WhiteElo "2343"]
[BlackElo "2207"]
[Annotator "TA"]
[PlyCount "41"]
[EventDate "2018.10.26"]
[EventType "tourn"]
[EventCountry "TUR"]
[SourceTitle "playchess.com"]
[Source "ChessBase"]
[SourceQuality "1"]

{[%evp 10,41,56,52,57,58,127,132,167,157,210,247,281,277,283,294,736,510,715,312,660,647,817,814,807,798,858,852,1387,1367,1315,1298,29991,1783]} 1. e4 e5 2. d4 exd4 3. Nf3 Nc6 4. Bc4 d6 5. Nxd4 Ne5 6. Bb3 Bd7 {C50: Hungarian Defence and Giuoco Pianissimo} (6... Qh4 7. O-O Nf6 8. f4 Bg4 9. Qe1 Qxe1 10. Rxe1 Ned7 11. h3 Bh5 12. g4 Nxg4 13. hxg4 Bxg4 14. Nc3 a6 15. e5 O-O-O 16. Bxf7 dxe5 17. fxe5 Nxe5 18. Rxe5 Rxd4 19. Be3 Rd8 20. Rf1 Bd6 21. Rg5 {1-0 (21) Afromeev,V (2563)-Sergeev,G (2451) Tula 2005}) 7. f4 c5 $146 {[#]} (7... Nc6 $14) ({Predecessor:} 7... Ng4 8. O-O c6 9. h3 N4f6 10. Nc3 g6 11. e5 Nh5 12. e6 fxe6 13. Bxe6 {1-0 (39) Yousry,S (2266)-Adel,E (1828) Cairo 2016}) 8. O-O $1 $16 Ng6 {White is clearly better.} 9. Nf3 Bb5 (9... Qe7 $16 10. Ng5 Nh6) 10. Nc3 $40 {[%mdl 128] White wants a kill.} Bxf1 11. Qxf1 Be7 12. Qc4 f6 $2 {[#]} (12... Nh6 13. f5 O-O 14. fxg6 hxg6) 13. Qf7+ Kd7 14. Be3 (14. f5 $142) 14... Kc8 $2 (14... Qf8 15. Qe6+ Kc7 16. Nb5+ Kb8) 15. f5 Ne5 16. Be6+ Kb8 17. Qxg7 Nh6 18. Nxe5 Nxf5 19. Nd7+ Qxd7 20. Qxh8+ ({Weaker is} 20. Bxd7 Nxg7 21. Nd5 Bd8 $16) 20... Kc7 21. Nd5+ {Precision: White = 84%, Black = 16%.} 1-0

[Event "IM Marmaris Karia III 2018"]
[Site "Mentese Mugla"]
[Date "2018.10.28"]
[Round "5.2"]
[White "Dedebas, Emre Emin"]
[Black "Mammadov, Zaur"]
[Result "1/2-1/2"]
[WhiteElo "2302"]
[BlackElo "2465"]
[Annotator "TA"]
[PlyCount "61"]
[EventDate "2018.10.26"]
[EventType "tourn"]
[EventCountry "TUR"]
[SourceTitle "playchess.com"]
[Source "ChessBase"]
[SourceQuality "1"]

{[%evp 30,61,3,0,28,37,43,-11,-12,-25,-28,-40,-10,-50,-32,-29,0,0,0,-21,22,27,12,0,0,0,17,19,27,27,23,36,94,114]} 1. d4 d5 2. c4 dxc4 3. e3 Nf6 4. Bxc4 e6 5. Nf3 a6 6. O-O b5 7. Be2 Bb7 8. a4 b4 9. Nbd2 Nbd7 10. b3 c5 11. Bb2 Be7 12. Nc4 {D27: Queen's Gambit Accepted: Classical main line: 7 e4!? and 7 a4} (12. Rc1 Rc8 13. dxc5 Rxc5 14. Rxc5 Nxc5 15. Qc2 O-O 16. Bxf6 gxf6 17. Nd4 f5 18. Bf3 Bxf3 19. N2xf3 Qd5 {½-½ (42) Yu,Y (2765)-Idani,P (2589) Batumi 2018}) 12... O-O 13. Nfe5 cxd4 14. Bxd4 Nxe5 15. Bxe5 Nd7 16. Bd4 {LiveBook: 7 Games} Bc5 17. Bb2 {[#]} Bd5 $146 ({Predecessor:} 17... Qc7 18. Bf3 Rfd8 19. Bxb7 Qxb7 20. Qg4 Bf8 {½-½ (33) Holm,K (2403)-Shabalov,A (2549) Helsingor 2017}) 18. Bf3 (18. Rc1 $14) 18... Bxc4 $1 $11 19. bxc4 Ra7 20. a5 Rc7 21. Be2 Be7 22. Bd4 Qb8 23. Rb1 Rd8 24. Qa4 Bd6 25. h3 e5 26. Ba1 Rb7 27. Rfd1 Qc7 28. Bf3 Nc5 29. Qc6 {[#] Rxd6! is the strong threat.} Qxc6 30. Bxc6 {Threatens to win with Bxe5!} Rc7 (30... Rbb8 $1 $14) 31. Bf3 {Precision: White = 58%, Black = 28%.} 1/2-1/2

[Event "IM Marmaris Karia III 2018"]
[Site "Mentese Mugla"]
[Date "2018.10.28"]
[Round "5.3"]
[White "Guseynov, Alihan"]
[Black "Simantsev, Mikhail"]
[Result "1-0"]
[WhiteElo "2284"]
[BlackElo "2424"]
[Annotator "TA"]
[PlyCount "77"]
[EventDate "2018.10.26"]
[EventType "tourn"]
[EventCountry "TUR"]
[SourceTitle "playchess.com"]
[Source "ChessBase"]
[SourceQuality "1"]

{[%evp 22,77,25,0,7,7,11,8,71,9,10,10,11,10,4,7,8,0,6,0,64,44,82,77,75,80,86,19,85,32,24,-9,45,45,39,17,91,139,1232,1203,2097,2063,1967,0,0,0,1860,1716,29990,29991,29991,29992,29994,29991,29995,29992,29996,29997]} 1. d4 Nf6 2. c4 e6 3. Nc3 Bb4 4. e3 c5 5. Nge2 cxd4 6. exd4 d5 7. a3 Bxc3+ 8. Nxc3 dxc4 9. Bxc4 Nc6 10. Be3 O-O 11. O-O b6 12. d5 {LiveBook: 7 Games} Ne5 {E42: Nimzo-Indian: Rubinstein: 4...c5 5 Ne2} (12... exd5 13. Nxd5 Be6 14. Nxf6+ Qxf6 15. Bxe6 Qxe6 16. Qa4 Ne5 17. Rfd1 Rfe8 18. h3 a6 19. Qe4 Nc4 20. Qxe6 Rxe6 21. Bd4 h6 22. Bc3 {½-½ (22) Raznikov,D (2463)-Papin,V (2562) Cappelle-la-Grande 2013}) 13. Ba2 Ba6 14. Re1 Nd3 (14... exd5 $11 {keeps the balance.} 15. Bg5 (15. Nxd5 Nd3 $15) (15. Bxd5 Nxd5 16. Qxd5 Nd3 $15) 15... Nd3) 15. Re2 $146 (15. dxe6 $16 fxe6 16. Bxe6+ Kh8 17. Re2) ({Predecessor:} 15. dxe6 Nxe1 16. exf7+ Kh8 17. Qxe1 Qc7 18. Bd4 Ng4 19. g3 Bb7 20. h3 {0-1 (46) Tsesarsky,I-Ruban,V (2320) Kursk 1987}) 15... Nxd5 16. Nxd5 exd5 17. Qa4 Bb7 18. Rd1 Nc5 19. Qg4 Qc8 20. Qh4 Ne4 (20... Ne6 $11) 21. f3 {[%mdl 1024] White has compensation.} Nd6 22. Bb1 $1 {[%csl Gb1][%cal Rh4h7]} Nf5 23. Qh3 g6 24. Bf2 (24. Rc1 $1 $16 {[%cal Rc1c8]} Nxe3 25. Rxc8 Raxc8 26. Re1) 24... Qd7 (24... Ng7 $11) 25. Re5 (25. Rde1 $1 $16) 25... Qa4 $14 26. Rde1 (26. Ree1 {feels hotter.} Bc8 27. g4 Ng7 28. Qh4 Bb7 29. Bd4) 26... Bc8 (26... Ng7 $11) 27. Bxf5 Bxf5 28. g4 Be6 (28... Bd7 $11 {remains equal.}) 29. Qh6 $16 {Black must now prevent Bh4.} Rfe8 $2 {[%mdl 8192]} (29... Rfc8 $16) 30. Bh4 $18 Qd4+ 31. Kh1 {Threatening mate with Bf6.} Qd3 32. R5e3 {Intending Bf6 and mate.} Qd4 33. Re5 $40 {[%mdl 128] White wants to mate with Bf6. Black needs to defend precisely.} Qd3 {[#]} 34. Kg2 $1 {Bf6 would kill now.} Qc2+ 35. R1e2 {White mates.} Qc5 {[#]} 36. Rh5 $3 {[%mdl 512]} Qd4 (36... gxh5 37. Bf6) 37. Qxh7+ Kf8 38. Qh6+ Qg7 39. Bf6 $1 {Precision: White = 59%, Black = 23%.} 1-0

[Event "IM Marmaris Karia III 2018"]
[Site "Mentese Mugla"]
[Date "2018.10.28"]
[Round "5.4"]
[White "Gasanov, Zaur"]
[Black "Bagaturov, Giorgi"]
[Result "1/2-1/2"]
[WhiteElo "2195"]
[BlackElo "2417"]
[Annotator "TA"]
[PlyCount "105"]
[EventDate "2018.10.26"]
[EventType "tourn"]
[EventCountry "TUR"]
[SourceTitle "playchess.com"]
[Source "ChessBase"]
[SourceQuality "1"]

{[%evp 24,105,37,-10,44,22,31,21,21,0,0,0,19,20,35,-13,0,-10,0,-27,-14,-7,-12,-7,-6,-13,-10,-6,-6,-6,-9,-16,-6,-7,-16,-2,0,-60,-60,-80,-85,-212,-101,-166,-140,-137,-143,-149,-143,-131,-66,-74,-81,-81,-66,-79,-86,-81,-66,-81,-59,-59,-60,-81,-81,-81,-81,-81,-73,-79,0,0,0,0,0,0,0,-8,-8,-8,0,0,0,-23]} 1. e4 c5 2. Nf3 d6 3. d4 cxd4 4. Nxd4 Nf6 5. Nc3 Nc6 6. f3 e5 7. Nb3 Be7 8. Be3 O-O 9. Qd2 Be6 10. Nd5 Bxd5 11. exd5 Nb8 12. c4 {B56: Classical Sicilian: Unusual Lines} (12. g4 Nbd7 13. g5 Nh5 14. O-O-O f5 15. gxf6 Rxf6 16. Kb1 Nf4 17. Rg1 Nf8 18. Qb4 b6 19. Nd2 N8g6 {½-½ (60) Svidler,P (2726)-Karpov,A (2644) Odessa 2009}) 12... Nbd7 13. Be2 {LiveBook: 3 Games} b6 (13... a5 $11) 14. O-O {White is slightly better.} Ne8 $146 ({Predecessor:} 14... h6 15. Nc1 a5 16. Rb1 {1-0 (29) Grosar,A (2415)-Riegler,P (2245) Slovenia 1992}) 15. Rac1 a5 {[%cal Ba7a5,Ba5a4][%mdl 32]} 16. f4 a4 17. Na1 exf4 18. Bxf4 Bf6 19. b3 axb3 20. axb3 Nc5 21. Qd1 Bxa1 22. Rxa1 Rxa1 23. Qxa1 Nxb3 24. Qb2 Nc5 25. Rb1 Qe7 26. Bf1 Nf6 27. Qxb6 Nfe4 28. Re1 Qf6 $36 {[%mdl 2048] Black is pushing.} 29. Be3 h6 30. Bxc5 (30. Qb1 $11) 30... Nxc5 $15 31. Kh1 Ra8 32. Qb5 {[#]} (32. Qb1 $17) 32... g6 (32... Ne4 $1 $19 {[%cal Re4f2][%mdl 512] has better winning chances.} 33. Qb6 (33. Rxe4 Qxf1#) 33... Ra1 34. Rxa1 Qxa1) 33. h3 (33. Qb1 $17) 33... Kg7 34. Qb1 Ra3 35. Qc1 Ra2 36. Qe3 Ra1 ({Black should play} 36... Rc2 $17 37. Kg1 h5) 37. Rxa1 Qxa1 38. Kg1 h5 39. Kf2 Qf6+ 40. Kg1 Qb2 41. Be2 Kf6 42. Qf2+ Ke7 $1 43. g4 hxg4 44. hxg4 Qe5 45. Kg2 Qe4+ 46. Bf3 {[#]} Qxc4 ({Better is} 46... Qf4 $1 $17 {White must now prevent ...Nd3.} 47. Qg3 Qd4) 47. Qh4+ $1 $11 {The position is equal.} Ke8 {aiming for ...Nd3.} 48. Qh8+ $1 Kd7 {And now ...Nd3 would win.} (48... Ke7 $5 49. Qh4+ $8 Kd7 $11) 49. Qf6 Ke8 {Hoping for ...Qc2+.} 50. Qxd6 Nd7 51. Qa3 Qc2+ 52. Kg3 Qc5 53. Qa8+ {Precision: White = 37%, Black = 57%.} 1/2-1/2

[Event "IM Marmaris Karia III 2018"]
[Site "Mentese Mugla"]
[Date "2018.10.28"]
[Round "5.5"]
[White "Alaz, Ahmet Efekan"]
[Black "Rzayev, Bahruz"]
[Result "1/2-1/2"]
[WhiteElo "2121"]
[BlackElo "2381"]
[Annotator "TA"]
[PlyCount "66"]
[EventDate "2018.10.26"]
[EventType "tourn"]
[EventCountry "TUR"]
[SourceTitle "playchess.com"]
[Source "ChessBase"]
[SourceQuality "1"]

{[%evp 27,66,8,13,17,13,-17,-8,-7,-17,-13,0,-6,0,-10,-2,-14,-6,-14,-10,-29,-1,-16,0,0,0,0,0,0,0,0,0,0,8,0,0,0,0,0,0,0,0]} 1. e4 e6 2. d4 d5 3. exd5 exd5 4. Nf3 Nf6 5. Bd3 Bd6 6. O-O O-O 7. Bg5 Bg4 8. Nbd2 Nbd7 9. c3 c6 10. Qc2 Qc7 11. Rfe1 Rfe8 12. Bh4 h6 {C01: French: Exchange Variation} 13. Bg3 Rxe1+ (13... Bxg3 14. hxg3 Rxe1+ 15. Rxe1 Re8 16. Rxe8+ Nxe8 {½-½ (49) Aronian,L (2767)-Caruana,F (2822) chess.com INT 2018}) 14. Rxe1 Re8 {LiveBook: 4 Games} 15. Rxe8+ Nxe8 16. Bf5 Bxf5 17. Qxf5 Bxg3 18. hxg3 Qd6 19. Nf1 $146 ({Predecessor:} 19. Qf4 Qxf4 20. gxf4 {½-½ (31) Wandzik,W (2241)-Wiewiora,E (2118) Krakow 2010}) 19... Qe6 20. Ne3 Nd6 21. Qxe6 (21. Qh3 {seems wilder.} Nf8 22. Qh5 Ng6 23. Nd2 Ne7 24. g4) 21... fxe6 $11 {[%mdl 4096] Endgame KNN-KNN} 22. Kf1 Kf7 23. Ng4 Ke7 24. Nge5 {The position is equal.} Nxe5 25. Nxe5 Nf7 26. Nxf7 Kxf7 {KP-KP} 27. g4 Kf6 28. f4 b6 29. Kf2 c5 30. b3 cxd4 31. cxd4 b5 32. a4 bxa4 33. bxa4 a5 {Precision: White = 50%, Black = 40%.} 1/2-1/2

[Event "IM Marmaris Karia III 2018"]
[Site "Mentese Mugla"]
[Date "2018.10.28"]
[Round "6.2"]
[White "Simantsev, Mikhail"]
[Black "Dedebas, Emre Emin"]
[Result "1-0"]
[WhiteElo "2424"]
[BlackElo "2302"]
[Annotator "TA"]
[PlyCount "131"]
[EventDate "2018.10.26"]
[EventType "tourn"]
[EventCountry "TUR"]
[SourceTitle "playchess.com"]
[Source "ChessBase"]
[SourceQuality "1"]

{[%evp 16,131,33,24,46,39,56,38,34,36,44,30,27,34,74,73,60,30,48,43,98,78,78,78,72,67,67,70,91,89,112,105,131,137,132,110,102,108,123,84,70,66,58,42,62,69,118,31,76,7,7,7,68,72,81,51,61,1,37,15,25,0,37,0,56,7,14,1,26,42,42,12,73,47,49,1,75,16,61,38,120,80,90,92,79,83,100,39,39,39,64,0,8,0,82,88,114,0,365,362,353,301,5647,5535,2068,1933,29974,29975,29975,29976,29976,29977,29976,29977,29994,29995,29996,29996]} 1. c4 e5 2. Nc3 Nc6 3. g3 Bc5 4. Bg2 d6 5. e3 a6 6. Nge2 {A25: English Opening vs King's Indian with ...Nc6 but without early d3} (6. Nf3 Nf6 7. O-O O-O 8. h3 Ba7 9. d4 h6 10. dxe5 dxe5 11. Qxd8 Rxd8 12. b3 Be6 13. Ba3 Rd7 14. Rfd1 Rad8 15. Rxd7 Rxd7 {½-½ (41) Howell,D (2676)-Ponomariov,R (2694) Riadh 2017}) 6... Ba7 7. b3 Nge7 8. Bb2 O-O 9. O-O {LiveBook: 8 Games} Bg4 10. h3 Bh5 11. d3 Qd7 12. Qd2 Rab8 $146 ({Predecessor:} 12... f5 13. Kh2 {1-0 (32) Cvetkovic,S (2383)-Nestorovic,D (2439) Belgrade 2013}) 13. Kh2 b5 14. Nd5 Nxd5 15. cxd5 Ne7 16. Rac1 f6 17. d4 Rfd8 (17... Rbd8 $14) 18. f4 (18. g4 {is interesting.} Be8 19. f4 Rbc8 20. e4 c6 21. g5) 18... Bxe2 19. Qxe2 {[%cal Rf4e5]} exd4 20. Bxd4 Bxd4 21. exd4 f5 22. Rc3 {[%cal Bc1c3,Bc3e3,Be3e6][%mdl 32]} Rbc8 23. Re3 Ng6 24. Re1 Qf7 25. Re6 Nf8 26. Re7 Qf6 27. Qd2 Rd7 28. R7e3 Rb8 29. Qb4 h5 30. h4 $1 g6 31. Qc3 (31. a4 $16) 31... Qd8 32. b4 (32. a4 $16) 32... Nh7 $11 33. Bf3 Nf8 (33... Nf6 $11) 34. R1e2 Qf6 35. a3 Rf7 36. Qd2 ({Better is} 36. Qc6 $14) 36... Rd8 37. Rc3 Rb8 38. Rce3 Rd8 39. Qc3 Rb8 40. Rc2 Kg7 41. Re1 Kg8 42. Kg2 $36 {[%mdl 2048] Black is under pressure.} Kg7 43. Rce2 Kg8 (43... Qd8 $11) 44. Re3 Kg7 45. Qd2 Kg8 (45... Qd8 $11) 46. Bd1 (46. Re8 $16 Rxe8 47. Rxe8) 46... Rd7 47. a4 Qf7 (47... bxa4 $1 $14 48. Bxa4 Rg7) 48. Kh2 Nh7 {[%cal Bf8h7,Bh7f6,Bf6e4][%mdl 32]} 49. a5 Nf6 50. Re6 Ne4 51. Qc1 (51. Qa2 $1 $16) 51... Re7 $1 $14 52. Bb3 Qe8 53. Qc2 ({White should play} 53. Re2 $14) 53... Kf8 $11 54. Re2 Rd8 (54... Rc8 $1 $11 {remains equal.}) 55. Qc1 $1 $16 Rc8 56. Kg2 ({White should try} 56. Rxe7 $1 $16 Kxe7 57. Bc2) 56... Rb8 $2 {[%mdl 8192] [#]} (56... Rxe6 $11 57. dxe6 c6) 57. R2xe4 $1 $18 fxe4 {[#]} 58. f5 $1 {[%mdl 512]} Rxe6 $2 (58... Qf7 59. Rxg6 e3) (58... gxf5 59. Qh6+) 59. dxe6 {[%cal Bd5e6,Be6e7][%mdl 4128] Endgame White threatens f6 and mate. KQR-KQB} Kg7 60. Qxc7+ Kf6 61. Qxd6 {White mates.} gxf5 62. e7+ Kg7 63. Qe5+ Kg6 64. Be6 Rb7 65. Qxf5+ Kh6 66. Qf8+ {Precision: White = 46%, Black = 46%.} 1-0

[Event "IM Marmaris Karia III 2018"]
[Site "Mentese Mugla"]
[Date "2018.10.28"]
[Round "6.3"]
[White "Bagaturov, Giorgi"]
[Black "Guseynov, Alihan"]
[Result "1/2-1/2"]
[WhiteElo "2417"]
[BlackElo "2284"]
[Annotator "TA"]
[PlyCount "28"]
[EventDate "2018.10.26"]
[EventType "tourn"]
[EventCountry "TUR"]
[SourceTitle "playchess.com"]
[Source "ChessBase"]
[SourceQuality "1"]

{[%evp 27,28,0,0]} 1. d4 d5 2. c4 e6 3. Nf3 Nf6 4. g3 Be7 5. Bg2 O-O 6. O-O dxc4 7. Qc2 a6 8. Qxc4 b5 9. Qc2 Bb7 10. Bd2 Be4 11. Qc1 Bb7 $146 ({Predecessor:} 11... c6 12. Rd1 Nbd7 13. Nc3 Bg6 14. Bg5 Rc8 15. a3 a5 16. h4 h6 17. Bxf6 Bxf6 18. Qe3 Qb6 19. Ne4 {½-½ (28) Kramnik,V (2787)-So,W (2792) Wijk aan Zee 2018}) 12. Qc2 Be4 13. Qc1 Bb7 14. Qc2 Be4 1/2-1/2

[Event "IM Marmaris Karia III 2018"]
[Site "Mentese Mugla"]
[Date "2018.10.28"]
[Round "6.4"]
[White "Rzayev, Bahruz"]
[Black "Gasanov, Zaur"]
[Result "1-0"]
[WhiteElo "2381"]
[BlackElo "2195"]
[Annotator "TA"]
[PlyCount "91"]
[EventDate "2018.10.26"]
[EventType "tourn"]
[EventCountry "TUR"]
[SourceTitle "playchess.com"]
[Source "ChessBase"]
[SourceQuality "1"]

{[%evp 9,91,-27,-20,-24,-20,-18,25,-19,-13,-47,-41,-54,-8,-119,-38,-41,-50,-45,-39,-58,-60,-145,-60,-58,-22,-52,-19,-33,-15,-20,0,0,0,0,-1,-156,-138,-152,-96,-214,-208,-235,-225,-238,-214,-335,-200,-205,0,0,0,0,0,0,0,0,0,0,0,0,0,0,0,-302,0,0,0,0,738,745,747,737,728,695,29984,29986,29993,29994,29994,29995,29997,29998,29998,29999]} 1. b3 d5 2. Bb2 Bg4 3. h3 Bh5 4. g4 Bg6 5. Bg2 e6 {LiveBook: 10 Games} 6. h4 $146 {A01: Nimzowitsch-Larsen Opening} ({Predecessor:} 6. e3 h5 7. Nf3 hxg4 8. hxg4 Rxh1+ 9. Bxh1 Nd7 10. d3 Nh6 11. g5 Nf5 12. Nbd2 Bh5 {1-0 (24) Shytaj,L (2459)-Malakhatko,V (2542) Riadh 2017}) 6... h5 7. g5 $1 Nd7 8. c4 {White has an edge.} c6 9. a4 Ne7 10. Nf3 Nf5 11. O-O {[#]} (11. Bh3 $11) 11... Bd6 (11... e5 $1 $17 {[%cal Re5e4][%mdl 512]} 12. cxd5 (12. Bxe5 Nxe5) 12... e4 13. dxc6 bxc6) 12. d3 $15 O-O 13. e4 Ne7 14. cxd5 cxd5 15. e5 (15. Nc3 $15) 15... Bc7 ({Black should play} 15... Bb4 $17 16. Bc3 a5) 16. d4 Nc6 17. Ba3 Re8 18. Nc3 {[%cal Bb1c3,Bc3e2,Be2g3][%mdl 32]} a6 19. Ne2 Bf5 20. Ng3 Bg4 21. Qd3 Bb6 22. g6 $2 (22. Bb2 $1 $11) 22... f6 {[%cal Rf6e5]} 23. Rae1 f5 (23... Nf8 $142 24. Bc1 Bxf3 25. Qxf3 Bxd4 26. exf6 Qxf6) 24. Bb2 (24. Bc1 $17) 24... Nf8 $1 $19 25. Ng5 Nxg6 26. f3 Nxh4 27. Bc1 (27. Qe3 $142) 27... Bxd4+ (27... Nxd4 $142 28. Kh1 Rc8) 28. Kh1 {[%cal Bg1h1,Bh1g2,Bg2f2][%mdl 32]} Nxf3 $2 (28... Bxe5 29. fxg4 hxg4 30. Nxf5 $1 $16 {[%mdl 512]}) (28... g6 $19 29. fxg4 hxg4) 29. Bxf3 $11 g6 ({Don't go for} 29... Bxe5 $2 30. Bxg4 g6 31. Nxh5 $1 $18 {[%mdl 512]}) 30. Kg2 Bxe5 {And now ...Rc8 would win.} 31. Bxg4 hxg4 32. Rh1 d4 $1 33. Rh6 Qd5+ 34. Kf2 Kg7 35. Rh7+ Kg8 {Strongly threatening ...Bg7.} 36. Reh1 $2 {[%mdl 8192]} (36. Rh6 $11 {and White has nothing to worry.} Ne7 37. Ne2) 36... Bg7 $2 (36... Re7 $19 37. Rxe7 Nxe7) 37. Ne2 $1 {Qg3 is the strong threat.} Ne5 38. Qg3 $40 {[%mdl 128] Hoping for Qh4. Black needs to defend precisely.} Rac8 $2 {[%mdl 8192] [#]} (38... d3 39. Bb2 $18) (38... Re7 $11) 39. Qh4 $1 $18 {Threatening mate with Rh8+!} g3+ 40. Kxg3 {Rh8+! would kill now.} Qxb3+ 41. Kg2 {White wants to mate with Rh8+!} Kf8 {[#] White must now prevent ...Rc2.} 42. Rxg7 $1 {[%mdl 512] White mates.} Kxg7 43. Qh6+ Kf6 {[#]} 44. Ne4+ $1 {[%mdl 512]} fxe4 45. Bg5+ Kf5 46. Nxd4+ {Precision: White = 52%, Black = 40%.} 1-0